Angélique, marquise des anges (films) - Statistiques

Statistiques générales
  • Ce quiz a été pris 47 fois
  • Le résultat moyen est 22 sur 35
Statistiques - réponses
Question Réponse % Correct
Le premier né d'Angélique et Joffrey est prénommé Florimond
93%
Sous quel nom Joffrey de Peyrac est-il devenu pirate ? Le Rescator
93%
Comment se prénomme l'ami d'enfance d'Angélique ? Nicolas
93%
Comment se nomme l'alchimiste qu'Angélique rencontre dans l'hôtel de Peyrac quand celui-ci lui est restitué par le roi ? Savary
93%
Quel est le nom de jeune fille d'Angélique ? de Sancé de Monteloup
87%
Qui joue le rôle de l'avocat François Desgrez ? Jean Rochefort
87%
Angélique reprend une auberge, le Coq hardi qu'elle renomme... Le masque rouge
87%
Angélique se marie une seconde fois à Philippe de Plessis-Bellières
87%
Que demande le bey en cadeau de Louis XIV après avoir signé un traité entre son pays et la France ? Angélique
80%
Quel nom donne Angélique à son deuxième fils né pendant la détention de Joffrey ? Cantor
80%
Qui achète Angélique ? Des envoyés de Joffrey
80%
A la fin du 3e film, Angélique prend la route pour essayer de rejoindre Joffrey, elle prend la direction du sud
80%
Pour ne pas dénoncer le frère du roi, Angélique reçoit une forte somme. Qu'en fait-elle en premier ? Elle crée une chocolaterie
80%
Qui joue le rôle de Claude Le Petit, le poète crotté ? Jean-Louis Trintignant
80%
Quel prélat est présent lors du mariage et accuse le mari d'Angélique de sorcellerie ? L'archevêque de Toulouse
80%
Comment Angélique dénonce-t-elle ceux qui ont tué un enfant qu'elle protégeait et fait bruler son établissement ? Par des pamphlets
73%
A la cour des Miracles, Angélique retrouve son ami d'enfance. Il se fait surnommer... Calembredaine
67%
Le dernier opus de la série sort sur les écrans en 1968
60%
Le 3e film de la série est titré... Angélique et le Roy
60%
La série Angélique est à l'origine une saga romanesque de Anne Golon
60%
Quel est le titre du père d'Angélique ? Baron
60%
Angélique appartient un temps au harem du sultan de Mikenez
60%
Quel est le nom de l'ambassadeur de Perse qu'Angélique doit rencontrer ? Zoukim Batchiary Bey
60%
L'ennemi de Nicolas se nomme Le Coërse
53%
Comment se nomme le chien de François Desgrez, l'avocat devenu policier ? Socrate
53%
Le rôle du comte de Vateville est tenu par un acteur mieux connu pour son rôle dans une série... Jacques Santi
47%
Qui cherche à empoisonner Angélique avec sa robe de chambre? Mlle des Oeillets
47%
Le premier film de la série des Angélique est sorti en 1964
40%
Angélique surprend des conspirateurs qui veulent empoisonner trois persnnes, laquelle n'est pas une de leurs cibles ? Nicolas Fouquet
33%
Un remake d'Angélique a été réalisé par Ariel Zeitoun en 2013
27%
Pour la protéger, Angélique est envoyée dans un couvent, elle y reste... 5 ans
27%
Angélique est vendue sur un marché d'esclave situé... en Crète
27%
Angélique est donné par son père en mariage à Joffrey de Peyrac par reconnaissance
27%
Le château de Joffrey est celui de Tanlay
27%
Le pays dans lequel la série des Angélique a fait le plus d'entrée au cinéma est l'Allemagne
7%
Aucun quiz correspondant
Distribution des résultats
% des personnes avec chaque résultat
Percentile par nombre de réponses
Votre historique - résultats
Vous n’avez pas pris ce quiz